00563nam a2200193Ia 450000500170000000800410001702000300005804000190008804100120010708200130011924500700013226000480020230000130025050400190026365000290028265100290031170000190034085000100035920230803141717.0140110s9999 xx 000 0 und d a9780748642045cRs.2051.67 aLoreto College aEnglish a907bGUN aResearch methods for historycEdited by Simon Gunn and Lucy Faire aEdinburghbEdinburgh University Pressc2012 aix,246p  aIncludes index aHistory-Research methods aResearch methods-History aGunn,Simon,ed. aLCLIB